00274nam a2200121Ia 4500008004100000082001600041100002000057245002500077250000800102260002600110300000800136650000800144191201s2005 xx 000 0 und d a658.15bKNF aKNOTT, Geoffrey 0aFinancial Management a4th aN.DelhibPalgrac2005 a373 aMBA